000 00645nam a22002417a 4500
003 UA-OsUOA
001 71013
007 ta
008 20100929b un ||||| |||| 00| 0 ukr d
100 _aКоломієць В.Р.
090 _a821.161.2
_bК61
942 _cBK
040 _aUA-OsUOA
_bukr
_cUA-OsUOA
_dUA-OsUOA
245 _aВидива на дорозі
_bвибрані твори
300 _a608 с.
955 _a2
041 _aukr
080 _a821.161.2
020 _a966-578-163-4
260 _aК.
_bДніпро
_c2007
650 7 _a82 Література. Літературознавство
_2UDC
999 _c357281
_d357281